000 00817cab a2200277 4500
001 ABS44252
008 090401t1991 xxu||||| |||| 00| 0 eng d
035 _a(Sirsi) u46153
041 _aeng
100 _aCooper, P.
245 _aProphet analysis
260 _c1991
350 _a0
490 _aBuilding
_v256 (7687) 8 March 1991, 15-17 (3)
520 _aDiscusses the estimated profits of Britain`s 10 top quoted construction companies including Alfred McAlpine , Costain and Taylor Woodrow in light of the downturn in the property market .
650 _aBARRETT
650 _aBEAZER
650 _aFORECAST
650 _aPERFORMANCE
650 _aRECESSION
650 _aTARMAC
650 _aWIMPEY
690 _aPROPERTY-PROPERTY FINANCE AND INVESTMENT
942 _n0
948 _c04/03/1997
999 _c29206
_d29206